000 00956nam a2200277 i 4500
001 12542
003 ES-MaACL
005 20240523063018.0
007 t|
008 960909s1996 sp ||||0| spa j
020 _a84-7423-735-1
040 _aM-BN
_bspa
_cM-BN
080 _a860-5"16"
080 _a323.12(=924:460)"16"
100 1 _aQuevedo, Francisco de,
_d1580-1645
_994591
245 1 0 _aExecración contra los judíos /
_cFrancisco de Quevedo ; edición de Fernando Cabo Aseguinolaza y Santiago Fernández Mosquera.
260 _aBarcelona :
_bCrítica,
_c[1996]
300 _aLIX, 55 p ;
_c24 cm.
490 1 _aAnejos de Biblioteca clásica
650 1 4 _aAntisemitismo-
_zEspaña-
_yS.XVII.
_99862
700 1 _aCabo Aseguinolaza, Fernando.
_933234
700 1 _aFernández Mosquera, Santiago.
_949944
830 0 _aAnejos de Biblioteca clásica
_9228309
852 _aES-MaACL
_jL-19886
_bR.125290
999 _c12542
_d12542